Complete biology for cambridge IGCSE (Record no. 288279)
[ view plain ]
| 000 -LEADER | |
|---|---|
| fixed length control field | 00479nam a22001577a 4500 |
| 008 - FIXED-LENGTH DATA ELEMENTS--GENERAL INFORMATION | |
| fixed length control field | 150618b xxu||||| |||| 00| 0 eng d |
| 020 ## - INTERNATIONAL STANDARD BOOK NUMBER | |
| International Standard Book Number | 9780199138760 |
| 050 ## - LIBRARY OF CONGRESS CALL NUMBER | |
| Classification number | QH 315 .P595 2011 |
| 100 ## - MAIN ENTRY--PERSONAL NAME | |
| Personal name | Pickering, Ron |
| 245 ## - TITLE STATEMENT | |
| Title | Complete biology for cambridge IGCSE |
| Statement of responsibility, etc | Ron Pickering |
| 250 ## - EDITION STATEMENT | |
| Edition statement | 2nd ed. |
| 260 ## - PUBLICATION, DISTRIBUTION, ETC. (IMPRINT) | |
| Place of publication, distribution, etc | New York : |
| Name of publisher, distributor, etc | Oxford University Press, |
| Date of publication, distribution, etc | c2011 |
| 300 ## - PHYSICAL DESCRIPTION | |
| Extent | 304 pages : |
| Other physical details | color illustrations., ; |
| Dimensions | 27 cm. |
| 500 ## - GENERAL NOTE | |
| General note | Includes index. |
| 942 ## - ADDED ENTRY ELEMENTS (KOHA) | |
| Source of classification or shelving scheme | Library of Congress Classification |
| Item type | Books |
| Withdrawn status | Lost status | Source of classification or shelving scheme | Damaged status | Home library | Current library | Shelving location | Date acquired | Source of acquisition | Total Checkouts | Total Renewals | Full call number | Barcode | Date last seen | Date last borrowed | Price effective from | Koha item type | Public note |
|---|---|---|---|---|---|---|---|---|---|---|---|---|---|---|---|---|---|
| Library of Congress Classification | Luxembourg Library | Luxembourg Library | Teachers Reference Section | 06/18/2015 | Library Fund | 4 | 5 | QH 315 .P595 2011 | 20045 | 06/17/2025 | 08/16/2024 | 06/18/2015 | Books | Be Amazing. Be Southville! | |||
| Library of Congress Classification | Luxembourg Library | Luxembourg Library | Teachers Reference Section | 07/11/2016 | Library Fund | 4 | 11 | QH 315 .P595 2011 | 20239 | 05/29/2019 | 08/06/2018 | 07/11/2016 | Books | ||||
| Library of Congress Classification | Luxembourg Library | Luxembourg Library | Teachers Reference Section | 07/11/2016 | Library Fund | 2 | 12 | QH 315 .P595 2011 | 20238 | 04/18/2018 | 01/11/2018 | 07/11/2016 | Books |